LIBRARY & INFORMATION CENTRE, KCAET, TAVANUR

ONLINE PUBLIC ACCESS CATALOGUE (OPAC)

Theory of machines and mechanisms / (Record no. 8987)

MARC details
000 -LEADER
fixed length control field 00519cam a2200193ua 4500
020 ## - INTERNATIONAL STANDARD BOOK NUMBER
ISBN 0 07 y66560 5
041 ## - LANGUAGE CODE
Language code of text/sound track or separate title eng
082 ## - DEWEY DECIMAL CLASSIFICATION NUMBER
Classification number 621.801
Item number SHI/TH
100 ## - MAIN ENTRY--AUTHOR NAME
Personal name Shgleg, Joseph Edward .
245 ## - TITLE STATEMENT
Title Theory of machines and mechanisms /
250 ## - EDITION STATEMENT
Edition statement 1 /
260 ## - PUBLICATION, DISTRIBUTION, ETC. (IMPRINT)
Place of publication Singapore :
Name of publisher McGraw Hill Book Company ,
Year of publication 1981.
300 ## - PHYSICAL DESCRIPTION
Number of Pages 577 ; .
942 ## - ADDED ENTRY ELEMENTS (KOHA)
Koha item type Books
Holdings
Withdrawn status Lost status Damaged status Home library Current library Date acquired Full call number Accession Number Koha item type
      KAUAET KAUAET 07/04/2012 621.801 18791 Books
      KAUAET KAUAET 07/04/2012 621.801 18792 Books
free website counter